000
00279nam a2200121 a 4500
005
20140414131936.0
008
110119s19uu xx 00 eng d
050
_a
REF 635
_b
G16 2006
245
_a
Garden.
260
_b
Ticktock.
440
_a
What can eye see?
999
_c
112443
_d
112443